Épisodes de Tintin par extrait de 5 secondes #10 - Statistiques

Statistiques générales
  • Ce quiz a été pris 29 fois
  • Le résultat moyen est 14 sur 21
Statistiques - réponses
Hint Réponse % Correct
Le Lotus bleu
96%
Vol 714 pour Sydney
91%
Les Bijoux de la Castafiore
83%
Le Secret de La Licorne
83%
L'Étoile mystérieuse
83%
Tintin au Tibet
78%
L'Affaire Tournesol
74%
Le Trésor de Rackham le Rouge
70%
Objectif Lune
70%
On a marché sur la Lune
70%
Le Crabe aux pinces d'or
65%
Les Cigares du pharaon
65%
Tintin au pays de l'or noir
65%
Les Sept Boules de cristal
61%
Tintin en Amérique
61%
Le Sceptre d'Ottokar
52%
L'Île Noire
52%
L'Oreille cassée
48%
Coke en stock
43%
Le Temple du Soleil
39%
Tintin et les Picaros
17%
Aucun quiz correspondant
Distribution des résultats
% des personnes avec chaque résultat
Percentile par nombre de réponses
Votre historique - résultats
Vous n’avez pas pris ce quiz